| 000 | 00596nam a2200193 4500 | ||
|---|---|---|---|
| 001 | 112839 | ||
| 003 | ES-MaACL | ||
| 005 | 20230906185641.0 | ||
| 007 | t| | ||
| 008 | 061121s1968 sp r ||||1| spa d | ||
| 100 | 1 |
_aMurphy, Francis X. _984619 |
|
| 245 | 1 | 0 |
_aNuevos aires en Roma _b: Sínodo 1967 / _cFrancis X. Murphy, Gary Mac Eoin ; traducción de José Luis Lana. |
| 250 | _a[1ª ed.]. | ||
| 260 |
_aBarcelona : _bPenínsula, _c1968. |
||
| 300 |
_a217 p. ; _c19 cm. |
||
| 700 | 1 |
_aMac Eoin, Gary. _975024 |
|
| 700 | 1 |
_aLana, José Luis. _969884 |
|
| 852 |
_aES-MaACL _jC-56789 _bR.67456 |
||
| 999 |
_c112839 _d112839 |
||